| 000 | 01132cam a22003135i 4500 | ||
|---|---|---|---|
| 999 |
_c27906 _d27877 |
||
| 001 | 018592850 | ||
| 003 | EG-ScBUE | ||
| 005 | 20191210140456.0 | ||
| 008 | 171101s2018 enka f b 001 0 eng d | ||
| 020 | _z9780815380177 (pbk.) | ||
| 040 |
_aStDuBDS _beng _erda _cStDuBDS _dUk _dEG-ScBUE |
||
| 082 | 0 | 4 |
_a418.0071 _bJOH _222 |
| 100 | 1 |
_aJohnson, Keith, _d1944- _eauthor. |
|
| 245 | 1 | 3 |
_aAn introduction to foreign language learning and teaching / _cKeith Johnson. |
| 250 | _aThird edition. | ||
| 250 | _aRevised edition. | ||
| 264 | 1 |
_aAbingdon, Oxon ; _aNew York : _bRoutledge / Taylor and Francis Group, _c2018. |
|
| 300 |
_axv, 326 pages : _billustrations ; _c24 cm. |
||
| 336 |
_atext _btxt _2rdacontent |
||
| 337 |
_aunmediated _bn _2rdamedia |
||
| 338 |
_avolume _bnc _2rdacarrier |
||
| 490 | 0 | _aLearning about language | |
| 504 | _aIncludes bibliographical references and index. | ||
| 650 | 7 |
_aLanguage and languages _xStudy and teaching. _2BUEsh |
|
| 650 | 7 |
_aEnglish language _xStudy and teaching _xForeign speakers _vCase studies. _2BUEsh |
|
| 653 |
_bHHUUEENN _cNovember2019 |
||
| 655 | _vReading book | ||
| 942 |
_2ddc _cBB |
||